[Event "WCU Spring Open"]
[Site "Cardiff"]
[Date "2026.03.07"]
[Round "1.1"]
[White "Rathbone-Jones, Ifan"]
[Black "Shevchenko, Danylo"]
[Result "1-0"]
[WhiteElo "2162"]
[BlackElo "1687"]
[BlackFideId "-1"]
[PlyCount "71"]
[GameId "2294062423064588"]
[EventDate "2026.03.07"]
[EventType "swiss"]
[EventRounds "5"]
[EventCountry "WLS"]

1. d4 d5 2. Nf3 Nf6 3. g3 e6 4. Bg2 Be7 5. O-O O-O 6. c4 c6 7. Qc2 Nbd7 8. Rd1 b6 9. Nbd2 Bb7 10. b3 Rc8 11. Bb2 Qc7 12. Rac1 c5 13. cxd5 exd5 14. Bh3 Rce8 15. dxc5 bxc5 16. Nd4 Qb6 17. Nf5 d4 18. Nc4 Qc6 19. f3 g6 20. Nh4 Nd5 21. Ng2 Ba6 22. e4 Nb4 23. Qb1 Bxc4 24. Bxd7 Qxd7 25. Rxc4 Nc6 26. f4 Na5 27. Rcc1 Qb5 28. Qd3 c4 {(=)} 29. Qf1 d3 30. Bc3 Bc5+ 31. Kh1 Rxe4 32. bxc4 Nxc4 33. Qxd3 Rfe8 34. Be5 Nd6 35. Qxb5 Nxb5 36. Rxc5 1-0

[Event "WCU Spring Open"]
[Site "Cardiff"]
[Date "2026.03.07"]
[Round "1.2"]
[White "Katchi, Daniel"]
[Black "Kett, Timothy J"]
[Result "0-1"]
[WhiteElo "1310"]
[BlackElo "2117"]
[WhiteFideId "-1"]
[BlackFideId "-1"]
[PlyCount "78"]
[GameId "2285907491373201"]
[EventDate "2026.03.07"]
[EventType "swiss"]
[EventRounds "5"]
[EventCountry "WLS"]

{[%evp 0,78,25,12,26,3,0,0,-7,37,-14,-10,-10,-22,-12,-16,7,-262,-280,-348,-363,-431,-420,-456,-455,-451,-451,-479,-491,-454,-438,-444,-459,-506,-528,-629,-650,-668,-628,-681,-679,-711,-734,-746,-745,-771,-751,-765,-813,-868,-613,-764,-817,-870,-880,-883,-874,-887,-885,-1148,-964,-1088,-1109,-1131,-1074,-1246,-1041,-1180,-1108,-29981,-29988,-29991,-29992,-29995,-29992,-29995,-29996,-29997,-29998,-29999,-29999]} 1. e4 {Re-pairing, both players won by default, this is a rated game & shows as bd 17 on chess-results} c5 2. c4 Nc6 3. Nc3 g6 4. Nf3 Bg7 5. d3 d6 6. Be3 Bg4 7. Be2 e6 8. d4 Bxf3 9. Bxf3 cxd4 10. Nb5 dxe3 11. fxe3 Be5 12. O-O Nf6 13. Qb3 O-O 14. Rad1 Qe7 15. Nd4 Rac8 16. Qc3 b5 17. Nxc6 Rxc6 18. Rd4 Rxc4 19. Qd3 Bxd4 20. exd4 e5 21. d5 Rfc8 22. b3 Rc1 23. Qxb5 Qc7 24. Bd1 Qc5+ 25. Qxc5 R8xc5 26. b4 R5c4 27. h3 Nxe4 28. a3 Rd4 29. Be2 Rxf1+ 30. Bxf1 Rd1 31. b5 Ng3 32. Kh2 Nxf1+ 33. Kg1 e4 34. a4 e3 35. a5 h5 36. b6 axb6 37. axb6 Ng3+ 38. Kh2 h4 39. b7 Rh1# 0-1

[Event "WCU Spring Open"]
[Site "Cardiff"]
[Date "2026.03.07"]
[Round "1.3"]
[White "Bullen, Alex"]
[Black "Murthy, Arush"]
[Result "1-0"]
[WhiteElo "2093"]
[BlackElo "1665"]
[BlackFideId "-1"]
[PlyCount "55"]
[GameId "2285909343948955"]
[EventDate "2026.03.07"]
[EventType "swiss"]
[EventRounds "5"]
[EventCountry "WLS"]

{[%evp 0,55,16,18,16,22,33,17,0,13,15,16,10,15,20,-5,25,8,37,38,71,81,100,0,153,151,167,171,211,161,224,145,26,173,51,177,215,123,227,217,329,260,321,348,394,249,432,475,518,390,488,447,756,624,753,700,946,512]} 1. Nf3 Nf6 2. d4 g6 3. Nbd2 d5 4. b4 Bg7 5. e3 O-O 6. c4 c6 7. Be2 Nbd7 8. a4 Qc7 9. Bb2 Re8 10. O-O e5 11. Nxe5 Nxe5 12. dxe5 Nd7 13. f4 Qb6 14. Qb3 a5 15. bxa5 Qxa5 16. Bc3 Qa7 17. Bd4 c5 18. Bb2 d4 19. Ne4 f6 20. Nd6 Re6 21. Bg4 Re7 22. exd4 cxd4 23. c5+ Kh8 24. Bxd4 f5 25. Bf3 Rb8 26. Qb4 b6 27. cxb6 Qa6 28. a5 1-0

[Event "WCU Spring Open"]
[Site "Cardiff"]
[Date "2026.03.07"]
[Round "1.4"]
[White "Zheng, Lucas"]
[Black "Tapp, James"]
[Result "0-1"]
[WhiteElo "1661"]
[BlackElo "2016"]
[WhiteFideId "-1"]
[BlackFideId "-1"]
[PlyCount "38"]
[GameId "2285910192808204"]
[EventDate "2026.03.07"]
[EventType "swiss"]
[EventRounds "5"]
[EventCountry "WLS"]

{[%evp 0,38,17,30,41,24,28,19,14,0,16,26,-18,-13,0,58,9,9,15,-27,-12,-43,-23,-74,-57,-90,-7,-250,-249,-245,-293,-480,-241,-425,-690,-734,-888,-1049,-964,-29993,-29994]} 1. e4 c6 2. d4 d5 3. exd5 cxd5 4. Bd3 Nc6 5. c3 Nf6 6. h3 e5 7. dxe5 Nxe5 8. Qe2 Qe7 9. Bb5+ Bd7 10. Bxd7+ Kxd7 11. Be3 Nc4 12. Bc1 Qc5 13. Be3 Nxe3 14. fxe3 Re8 15. Kf2 Qb6 16. g3 Rxe3 17. Qxe3 Bc5 18. Qxc5 Qxc5+ 19. Kg2 Ne4 0-1

[Event "WCU Spring Open"]
[Site "Cardiff"]
[Date "2026.03.07"]
[Round "1.5"]
[White "Van Noorden, Nicolas"]
[Black "Williams, John A"]
[Result "1-0"]
[WhiteElo "1950"]
[BlackElo "1656"]
[WhiteFideId "-1"]
[BlackFideId "-1"]
[PlyCount "115"]
[GameId "2285910706704663"]
[EventDate "2026.03.07"]
[EventType "swiss"]
[EventRounds "5"]
[EventCountry "WLS"]

1. e4 d6 2. d4 Nf6 3. Nc3 e5 4. dxe5 dxe5 5. Qxd8+ Kxd8 6. f4 Bb4 7. Bd2 Bxc3 8. Bxc3 Nxe4 9. Rd1+ Ke7 10. Bxe5 f6 11. Bxc7 Bg4 12. Rd4 f5 13. Bb5 a6 14. Ba4 b5 15. Bxb8 bxa4 16. Be5 Rac8 17. Nf3 Rxc2 18. O-O Rhc8 19. Rxa4 Bxf3 20. Rxf3 Re2 21. Bc3 Nxc3 22. Rxc3 Rd8 23. h3 Rdd2 24. Rg3 Kf7 25. Rxa6 g6 26. Ra7+ Kg8 27. b4 Rxa2 28. Rxa2 Rxa2 29. Rb3 Ra6 30. Kf2 Kf7 31. Ke3 Ke6 32. Kd4 Kd6 33. Kc4 Ra4 34. Rd3+ Kc6 35. Re3 Ra1 36. g4 fxg4 37. hxg4 Rc1+ 38. Kd4 h5 39. Re6+ Kb5 40. Re5+ Kxb4 41. gxh5 Rd1+ 42. Ke4 Re1+ 43. Kd5 Rd1+ 44. Ke6 gxh5 45. Rxh5 Re1+ 46. Re5 Ra1 47. Kf6 Kc4 48. f5 Kd4 49. Re7 Ra6+ 50. Kg7 Kd5 51. f6 Ra1 52. Kf8 Ra8+ 53. Re8 Ra1 54. f7 Kd6 55. Re2 Kd7 56. Rg2 Ra8+ 57. Kg7 Ke7 58. f8=Q+ 1-0

[Event "WCU Spring Open"]
[Site "Cardiff"]
[Date "2026.03.07"]
[Round "1.6"]
[White "Richards, Gareth"]
[Black "Hewitt, William"]
[Result "0-1"]
[WhiteElo "1625"]
[BlackElo "1940"]
[WhiteFideId "-1"]
[PlyCount "132"]
[GameId "2285104537492076"]
[EventDate "2026.03.07"]
[EventType "swiss"]
[EventRounds "5"]
[EventCountry "WLS"]

{[%evp 0,93,10,38,20,-32,31,24,26,28,29,11,26,3,12,-4,-17,-27,-12,-6,5,-35,-45,-48,-23,-63,-43,-31,-50,1,-8,-235,-284,-244,-103,-70,-108,-26,-97,-108,-92,-66,-95,-72,-94,-131,-49,-112,-107,-171,-96,-51,-82,-115,-95,-769,-1,-88,-20,-29,-18,-27,-89,-37,41,-4,43,-109,17,-24,54,67,74,45,53,64,95,18,8,26,8,8,5,-128,-158,-108,-98,-173,-147,-150,-43,-258,-320,-299,59,-512]} 1. e4 c5 2. Nf3 e6 3. d4 cxd4 4. Nxd4 a6 5. Nc3 Qc7 6. Bd3 Nf6 7. f3 b5 8. a3 Be7 9. Be3 O-O 10. Qd2 Bb7 11. Nb3 d6 12. O-O-O Rd8 13. Qf2 Nbd7 14. g4 Nc5 15. e5 Nxd3+ 16. Rxd3 Nd7 17. exd6 Bxd6 18. Rhd1 Ne5 19. Bb6 Nxd3+ 20. Rxd3 Qe7 21. Bxd8 Rxd8 22. f4 Qc7 23. Kb1 Rc8 24. Rd4 Bxa3 25. Nxb5 axb5 26. bxa3 Bd5 27. Qe3 Qa7 28. Rc4 Qa8 29. Rxc8+ Qxc8 30. Qb6 Bc4 31. Na5 Be2 32. Nc6 Qe8 33. h4 h6 34. g5 hxg5 35. hxg5 Qd7 36. Ne5 Qe7 37. Kb2 f6 38. Ng6 Qe8 39. gxf6 gxf6 40. f5 Bg4 41. fxe6 Qxg6 42. Qd8+ Kh7 43. e7 Bh5 44. Qd7 Qe8 45. Qf5+ Kg7 46. Qc5 Bg6 47. Kb3 Qd7 48. c4 Qd3+ 49. Kb4 Qxc4+ 50. Qxc4 bxc4 51. a4 Kf7 52. e8=Q+ Kxe8 53. Kxc4 Be4 54. Kd4 Ba8 55. Kc5 Ke7 56. a5 f5 57. Kd4 Kf6 58. Ke3 Ke5 59. a6 f4+ 60. Kd3 Be4+ 61. Ke2 Kf5 62. Kf2 Kg4 63. a7 Ba8 64. Kf1 Kg3 65. Kg1 f3 66. Kf1 f2 0-1

[Event "WCU Spring Open"]
[Site "Cardiff"]
[Date "2026.03.07"]
[Round "1.7"]
[White "Fathallah, Joe"]
[Black "Bartlett-Davis, Otto"]
[Result "1-0"]
[WhiteElo "1932"]
[BlackElo "1618"]
[BlackFideId "-1"]
[PlyCount "101"]
[GameId "2285913648538139"]
[EventDate "2026.03.07"]
[EventType "swiss"]
[EventRounds "5"]
[EventCountry "WLS"]

1. d4 Nf6 2. c4 e6 3. Nf3 d5 4. g3 Nbd7 5. Bg2 c5 6. cxd5 Nxd5 7. e4 N5b6 8. O-O Be7 9. Nc3 O-O 10. Qe2 c4 11. a4 a5 12. Rd1 Nf6 13. Ne5 Qe8 14. Nxc4 Nxc4 15. Qxc4 Qc6 16. Qe2 Qa6 17. Nb5 Bd7 18. e5 Nd5 19. Qh5 Bxb5 20. axb5 Qxb5 21. Be4 g6 22. Qf3 Rac8 23. Bh6 Rfd8 24. h4 b6 25. h5 Qe8 26. Kg2 Bf8 27. Bg5 Be7 28. Bd2 Kg7 29. Rh1 Rc4 30. Bh6+ Kg8 31. Rad1 Bf8 32. Bg5 Be7 33. Bc1 f5 34. exf6 Nxf6 35. hxg6 hxg6 36. Rh6 Nxe4 37. Qxe4 Qc6 38. Rxg6+ Kf7 39. Rg4 Qxe4+ 40. Rxe4 Bf6 41. Rde1 Rc6 42. Be3 Rcd6 43. Rf4 Ke7 44. Rh1 Bxd4 45. Rh7+ Ke8 46. Bxd4 Rxd4 47. Rf6 R4d6 48. Rg6 Kf8 49. Rgg7 Rc6 50. Rb7 Rcd6 51. Rh8# 1-0

[Event "WCU Spring Open"]
[Site "Cardiff"]
[Date "2026.03.07"]
[Round "1.8"]
[White "Moore, John"]
[Black "Jukes, Sam"]
[Result "0-1"]
[WhiteElo "1596"]
[BlackElo "1905"]
[WhiteFideId "-1"]
[PlyCount "108"]
[GameId "2285915965313580"]
[EventDate "2026.03.07"]
[EventType "swiss"]
[EventRounds "5"]
[EventCountry "WLS"]

1. Nf3 Nf6 2. g3 g6 3. Bg2 Bg7 4. O-O O-O 5. d4 d5 6. Nbd2 Nbd7 7. c3 c5 8. dxc5 Nxc5 9. Nb3 Nce4 10. Nfd2 Ng5 11. Nf3 Nxf3+ 12. Bxf3 Bh3 13. Bg2 Bxg2 14. Kxg2 e5 15. Bg5 Qd6 16. Bxf6 Bxf6 17. e3 a5 18. Qe2 a4 19. Nd2 Qc6 20. Kg1 a3 21. Nb3 axb2 22. Qxb2 Rfc8 23. Rfd1 Qxc3 24. Qd2 d4 25. exd4 Qxd2 26. Rxd2 exd4 27. Nxd4 Rd8 28. Rad1 Bxd4 29. Rxd4 Rxd4 30. Rxd4 Rxa2 31. Rd8+ Kg7 32. Rb8 Rb2 33. Kg2 b5 34. Rb6 b4 35. Kf3 b3 36. Ke3 g5 37. Kf3 h5 38. h3 Rb1 39. h4 g4+ 40. Ke2 b2 41. Rb7 Kf6 42. Rb5 Ke6 43. Rb7 f5 44. Rb4 f4 45. gxf4 g3 46. fxg3 Rh1 47. Kf3 b1=Q 48. Rxb1 Rxb1 49. g4 Rb3+ 50. Ke4 hxg4 51. h5 g3 52. f5+ Kf6 53. h6 g2 54. h7 Rh3 0-1

[Event "WCU Spring Open"]
[Site "Cardiff"]
[Date "2026.03.07"]
[Round "1.9"]
[White "Kong, Emma Zihan"]
[Black "Bowkett, George"]
[Result "0-1"]
[WhiteElo "1873"]
[BlackElo "1595"]
[BlackFideId "-1"]
[PlyCount "94"]
[GameId "2285917153059527"]
[EventDate "2026.03.07"]
[EventType "swiss"]
[EventRounds "5"]
[EventCountry "WLS"]

1. c4 c6 2. Nf3 Nf6 3. Nc3 d5 4. d4 Bf5 5. g3 Nbd7 6. Bg2 h6 7. O-O e6 8. a3 a5 9. Nd2 Be7 10. e4 dxe4 11. Ndxe4 O-O 12. Be3 Nb6 13. b3 Ng4 14. Qe2 Nd7 15. Bf4 Qb6 16. Rfd1 e5 17. dxe5 Ngxe5 18. c5 Qxb3 19. Rab1 Qxa3 20. Bc1 Qb4 21. Rxb4 axb4 22. Nb1 Nf6 23. Nxf6+ Bxf6 24. Bf4 Rfe8 25. Bxe5 Rxe5 26. Qc4 Ra4 27. Qb3 Ra5 28. Qxb4 Rb5 29. Qd2 Bxb1 30. f4 Rexc5 31. Qe3 Bg6 32. Qe8+ Kh7 33. Be4 Rb2 34. g4 Bxe4 35. Qxe4+ g6 36. f5 g5 37. Qe8 Kg7 38. h4 Rcc2 39. Qe4 Re2 40. Qc4 Rg2+ 41. Kf1 Rh2 42. Qe4 Rxh4 43. Kg1 Rhh2 44. Kf1 c5 45. Kg1 Rbe2 46. Qc4 Rc2 47. Qd5 b5 0-1

[Event "WCU Spring Open"]
[Site "Cardiff"]
[Date "2026.03.07"]
[Round "1.10"]
[White "Burton, Henry"]
[Black "Davis, Lee"]
[Result "0-1"]
[WhiteElo "1577"]
[BlackElo "1862"]
[WhiteFideId "-1"]
[PlyCount "132"]
[GameId "2286225490706502"]
[EventDate "2026.03.07"]
[EventType "swiss"]
[EventRounds "5"]
[EventCountry "WLS"]

{[%evp 0,132,12,34,17,2,25,0,40,-11,4,-7,0,-10,-12,-16,-11,-14,-6,-68,-71,-63,1,6,-35,-64,-80,-70,-105,-121,-81,1,-88,-73,-69,-95,-98,-97,-80,49,-88,-99,-61,-79,40,-76,-41,-33,-49,-62,-37,-82,-135,-72,8,-65,156,-40,-119,-59,-80,-84,95,-125,-71,-197,-183,-260,-56,-230,-230,-327,-350,-490,-229,-323,-175,-367,-280,-406,-509,-690,-668,-681,-622,-719,-586,-684,-725,-736,-508,-723,-458,-721,-707,-757,-570,-738,-776,-795,-621,-759,-688,-777,-633,-769,-774,-818,-545,-803,-794,-853,-825,-918,-941,-1111,-1114,-1286,-1412,-1733,-1744,-29971,-29986,-29987,-29980,-29999,-29994,-29995,-29996,-29997,-29990,-29991,-29992,-29999,-29999]} 1. d4 Nf6 2. Bf4 d6 3. Nf3 g6 4. e3 Bg7 5. Bd3 O-O 6. c3 Nbd7 7. Nbd2 Re8 8. Qc2 e5 9. dxe5 dxe5 10. Bg3 Qe7 11. Bc4 h6 12. Qxg6 e4 13. Ne5 Nxe5 14. Bxe5 Qxe5 15. Bxf7+ Kf8 16. Bxe8 Qxe8 17. Qxe8+ Kxe8 18. O-O Bd7 19. Nb3 b6 20. Rad1 Bb5 21. Rfe1 c5 22. Rd2 Rd8 23. Rxd8+ Kxd8 24. Rd1+ Ke7 25. Ra1 Ng4 26. a4 Bd3 27. a5 Bc2 28. Nd2 b5 29. a6 Kd7 30. Rc1 Bd3 31. Nb3 Kc6 32. h3 Ne5 33. Na5+ Kb6 34. Ra1 b4 35. cxb4 cxb4 36. Nb7 Bf8 37. Ra5 Bb5 38. Ra1 Bxa6 39. Nd8 Bc4 40. Rd1 Nd3 41. f3 Be7 42. Nf7 Bxf7 43. fxe4 Ne5 44. Kf2 a5 45. Kg3 Kc6 46. Ra1 Bd6 47. Kh4 Kb5 48. Rd1 Bc7 49. Rc1 Bd8+ 50. Kg3 Bg5 51. Re1 a4 52. h4 Be7 53. Rc1 a3 54. bxa3 bxa3 55. Rc7 a2 56. Ra7 Nc6 57. Ra8 Na5 58. Rb8+ Ka4 59. Rc8 a1=Q 60. Rc2 Qe1+ 61. Kf4 Qxh4+ 62. Ke5 Qg3+ 63. Kd4 Qd6+ 64. Kc3 Qb4+ 65. Kd3 Bc4+ 66. Kd4 Nc6# 0-1

[Event "WCU Spring Open"]
[Site "Cardiff"]
[Date "2026.03.07"]
[Round "1.11"]
[White "Chen, Wutong"]
[Black "Daniel, Elijah"]
[Result "1-0"]
[WhiteElo "1815"]
[BlackElo "1542"]
[WhiteFideId "-1"]
[BlackFideId "-1"]
[PlyCount "111"]
[GameId "2286225745526900"]
[EventDate "2026.03.07"]
[EventType "swiss"]
[EventRounds "5"]
[EventCountry "WLS"]

1. e4 d6 2. d4 Nf6 3. Bd3 g6 4. Bf4 Bg7 5. Qd2 O-O 6. Bh6 Nc6 7. d5 Ne5 8. Bxg7 Nxd3+ 9. cxd3 Kxg7 10. Qc3 Kg8 11. Nd2 Bd7 12. Ne2 c6 13. dxc6 bxc6 14. d4 d5 15. e5 Nh5 16. Qe3 Ng7 17. Ng3 Ne6 18. f4 Qb6 19. Nb3 Qb4+ 20. Kf2 Ng7 21. Ne2 Bg4 22. Qc3 Qxc3 23. Nxc3 Bc8 24. Rhe1 Ne6 25. Ke3 Bd7 26. Na4 Rfd8 27. Rac1 Rab8 28. Re2 Be8 29. Na5 Rb4 30. Nc5 Nxd4 31. Rd2 Nf5+ 32. Kf3 Rc8 33. a3 Rb5 34. b4 e6 35. g4 Ng7 36. Ncb7 Rb8 37. Nd6 R5b6 38. Rdc2 Bd7 39. Nxc6 Bxc6 40. Rxc6 Rxc6 41. Rxc6 Ne8 42. Ke3 Rd8 43. Kd4 f6 44. Nxe8 fxe5+ 45. fxe5 Rxe8 46. Rc7 a5 47. b5 Rb8 48. a4 Re8 49. b6 Rf8 50. b7 Rf4+ 51. Ke3 Rb4 52. Rc8+ Kg7 53. b8=Q Rxb8 54. Rxb8 Kf7 55. Rb7+ Ke8 56. Rxh7 1-0

[Event "WCU Spring Open"]
[Site "Cardiff"]
[Date "2026.03.07"]
[Round "1.12"]
[White "Wu, Nathaniel"]
[Black "Tomkins Coll, Owen"]
[Result "1/2-1/2"]
[WhiteElo "1517"]
[BlackElo "1812"]
[WhiteFideId "-1"]
[BlackFideId "-1"]
[PlyCount "101"]
[GameId "2286227622068361"]
[EventDate "2026.03.07"]
[EventType "swiss"]
[EventRounds "5"]
[EventCountry "WLS"]

1. e4 e5 2. Nf3 Nc6 3. Bc4 Nf6 4. d3 Be7 5. O-O O-O 6. Nc3 d6 7. h3 Na5 8. Bb3 c5 9. Re1 Rb8 10. Qe2 b5 11. Nd5 Nxd5 12. Bxd5 Kh8 13. c3 Qc7 14. d4 Be6 15. Bxe6 fxe6 16. dxe5 dxe5 17. Bg5 Nc6 18. Bxe7 Qxe7 19. Rad1 b4 20. Rd2 Rfd8 21. Red1 h6 22. Qa6 Rxd2 23. Rxd2 Rb6 24. Qd3 Kh7 25. g3 Rb8 26. Qd7 Qf6 27. Kg2 Rf8 28. Qd3 a5 29. Qe3 c4 30. Nh2 h5 31. Qc5 bxc3 32. bxc3 Rc8 33. Qxc4 Ne7 34. Qb3 Qg6 35. Qb7 Re8 36. Rd7 Ng8 37. f3 Nf6 38. Rc7 Rd8 39. Qb2 Qg5 40. Nf1 h4 41. g4 Nh5 42. Qf2 Ng3 43. Qe3 Qxe3 44. Nxe3 Rd2+ 45. Kg1 Kg6 46. Rc5 Kg5 47. Nc4 Rxa2 48. Nxe5 Kf4 49. Ng6+ Kxf3 50. Nxh4+ Kxe4 51. Ng2 1/2-1/2

[Event "WCU Spring Open"]
[Site "Cardiff"]
[Date "2026.03.07"]
[Round "1.13"]
[White "Turner, Joseph David"]
[Black "McGinley, Elijah"]
[Result "1-0"]
[WhiteElo "1806"]
[BlackElo "1511"]
[BlackFideId "-1"]
[PlyCount "56"]
[GameId "2286229150912670"]
[EventDate "2026.03.07"]
[EventType "swiss"]
[EventRounds "5"]
[EventCountry "WLS"]

1. e4 e5 2. f4 exf4 3. Nf3 Nf6 4. e5 Qe7 5. Qe2 Nd5 6. c4 Nb4 7. d4 d5 8. a3 N4a6 9. cxd5 g5 10. h4 g4 11. Ng5 h6 12. Ne4 Bf5 13. Nbc3 Bg7 14. d6 cxd6 15. Nxd6+ Kf8 16. Nxf5 Qd7 17. Nxg7 Kxg7 18. e6 Qxe6 19. Qxe6 fxe6 20. Bxf4 Nc6 21. Bxa6 bxa6 22. O-O Rad8 23. Rae1 Rhe8 24. d5 exd5 25. Rxe8 Rxe8 26. Nxd5 h5 27. g3 Nd4 28. Rd1 Nf3+ 1-0

[Event "WCU Spring Open"]
[Site "Cardiff"]
[Date "2026.03.07"]
[Round "1.14"]
[White "Lewis, David"]
[Black "Di-Vetta, Andrew"]
[Result "0-1"]
[WhiteElo "1762"]
[BlackElo "1798"]
[WhiteFideId "-1"]
[BlackFideId "-1"]
[PlyCount "68"]
[GameId "2286230246731956"]
[EventDate "2026.03.07"]
[EventType "swiss"]
[EventRounds "5"]
[EventCountry "WLS"]

1. Nf3 d5 2. c4 e6 3. d4 Nf6 4. Bg5 c6 5. e3 Qa5+ 6. Nbd2 Ne4 7. Bf4 Nd7 8. a3 dxc4 9. Bxc4 Nxd2 10. Qxd2 Qxd2+ 11. Nxd2 Nb6 12. O-O Nxc4 13. Nxc4 Kd7 14. Rac1 f6 15. b4 b6 16. Rfd1 Ba6 17. e4 Rc8 18. Ne3 g5 19. Bg3 h5 20. h3 Be7 21. d5 c5 22. d6 Bf8 23. e5 h4 24. Bh2 f5 25. Rc2 Bh6 26. bxc5 Rxc5 27. Rxc5 bxc5 28. Rc1 Rb8 29. Kh1 Kc6 30. Rd1 Bf8 31. Nxf5 exf5 32. e6 Rd8 33. Be5 Bc4 34. e7 Bxe7 0-1

[Event "WCU Spring Open"]
[Site "Cardiff"]
[Date "2026.03.07"]
[Round "1.15"]
[White "Prabhu, Vismith"]
[Black "Tyrrell, Lachlan Baly Hughes	"]
[Result "1/2-1/2"]
[WhiteElo "1748"]
[BlackElo "1508"]
[BlackFideId "-1"]
[PlyCount "78"]
[GameId "2286231470076242"]
[EventDate "2026.03.07"]
[EventType "swiss"]
[EventRounds "5"]
[EventCountry "WLS"]

1. d4 Nf6 2. c4 e6 3. Nc3 d5 4. cxd5 exd5 5. Bg5 Be7 6. e3 c6 7. Bd3 h6 8. Bh4 O-O 9. Qc2 Re8 10. Nge2 Nbd7 11. O-O Ne4 12. Bxe7 Qxe7 13. Bxe4 dxe4 14. d5 c5 15. Rfd1 Qe5 16. d6 Nf6 17. Nf4 Bg4 18. Rd2 Red8 19. h3 Bd7 20. Nfd5 Qxd6 21. Nxf6+ Qxf6 22. Nxe4 Qe7 23. Nxc5 Rac8 24. b4 b6 25. Qe4 Qf6 26. Rad1 bxc5 27. Rxd7 Rxd7 28. Rxd7 c4 29. Rd2 Qc3 30. Qb7 Rf8 31. Rd1 Qc2 32. Qd5 Qxa2 33. Rc1 Rc8 34. Qd7 Rb8 35. Qc7 Rxb4 36. Qc8+ Kh7 37. Qf5+ Kg8 38. Qc8+ Kh7 39. Qf5+ Kg8 1/2-1/2

[Event "WCU Spring Open"]
[Site "Cardiff"]
[Date "2026.03.07"]
[Round "1.16"]
[White "Are, Jai Hrithvik Adithya	"]
[Black "Mckenna, Joshua"]
[Result "0-1"]
[WhiteElo "1481"]
[BlackElo "1739"]
[WhiteFideId "-1"]
[PlyCount "100"]
[GameId "2286232670335338"]
[EventDate "2026.03.07"]
[EventType "swiss"]
[EventRounds "5"]
[EventCountry "WLS"]

{[%evp 0,100,15,14,-2,11,19,-34,18,16,18,9,22,19,22,-37,37,31,22,18,24,25,40,33,34,31,35,40,39,52,-78,48,-68,47,-13,-92,3,107,5,62,126,90,217,252,-1,230,288,343,399,-76,-40,-250,-313,-304,-181,-298,-193,-251,-309,-308,-385,-326,-374,-380,-434,-465,-313,-531,-315,-534,-585,-629,-573,-584,-596,-382,-577,-670,-604,-585,-501,-437,-555,-779,-239,-555,-438,-217,-450,-465,-261,-169,-257,-662,-263,-146,-265,-214,-270,-268,-272,-29967,-1395]} 1. d4 d5 2. c4 c6 3. cxd5 cxd5 4. Nc3 Nf6 5. Bf4 Nc6 6. e3 a6 7. a3 e6 8. Bd3 Bd6 9. Bg3 O-O 10. Nf3 Re8 11. O-O Bxg3 12. hxg3 Qd6 13. Rc1 e5 14. dxe5 Nxe5 15. Nxe5 Rxe5 16. Bb1 Ng4 17. Ne4 Qh6 18. Rxc8+ Rxc8 19. Qxg4 Rce8 20. f4 dxe4 21. fxe5 Qxe3+ 22. Kh2 Re6 23. Rf6 h5 24. Qf5 gxf6 25. Bxe4 Rxe5 26. Qh7+ Kf8 27. Bf3 Rg5 28. Qh8+ Ke7 29. Qb8 Qe5 30. Qxb7+ Kf8 31. Qb4+ Kg7 32. Qh4 Qxb2 33. Bxh5 Qxa3 34. Bf3 Qc5 35. Qe4 a5 36. Qh4 Qb5 37. Bd1 Qb4 38. Qh3 a4 39. Bc2 Qc4 40. Qh7+ Kf8 41. g4 Qc7+ 42. Kh1 Rc5 43. Qh6+ Ke7 44. Qe3+ Kd8 45. Qd4+ Ke7 46. Qe4+ Re5 47. Qb4+ Qd6 48. Qxd6+ Kxd6 49. Bxa4 Re4 50. Bd1 Re1+ 0-1

[Event "WCU Spring Open"]
[Site "Cardiff"]
[Date "2026.03.07"]
[Round "1.17"]
[White "Anandkumar, Govind"]
[Black "Srivastava, Angel"]
[Result "1-0"]
[WhiteElo "1722"]
[BlackElo "1365"]
[WhiteFideId "-1"]
[BlackFideId "-1"]
[PlyCount "139"]
[GameId "2286235483996608"]
[EventDate "2026.03.07"]
[EventType "swiss"]
[EventRounds "5"]
[EventCountry "WLS"]

1. e4 c6 2. d4 d5 3. f3 Nd7 4. Nc3 Nb6 5. Be3 e6 6. e5 Qc7 7. f4 Bd7 8. Nf3 Be7 9. Bd3 g6 10. Ne2 Nh6 11. O-O c5 12. c3 Ng4 13. Bd2 c4 14. Bc2 h5 15. h3 Nh6 16. Be1 O-O-O 17. a4 Nf5 18. Bxf5 gxf5 19. a5 Na4 20. Rxa4 Bxa4 21. Qxa4 a6 22. Bh4 Rdf8 23. Bxe7 Qxe7 24. b3 cxb3 25. Qxb3 Rfg8 26. c4 Qd8 27. Qa4 Kb8 28. c5 Qc7 29. Rb1 Ka8 30. Ng5 Rc8 31. Qb4 Rhf8 32. Qb6 Qxb6 33. Rxb6 Rc6 34. Nc3 Rxb6 35. axb6 Kb8 36. Kf2 Kc8 37. Ke2 Kd7 38. Nh7 Rh8 39. Nf6+ Kd8 40. Kd2 Rh6 41. Nd1 Rh8 42. Ne3 Ke7 43. Nf1 Rh6 44. h4 Rg6 45. g3 Rh6 46. Kc3 Rh8 47. Kb4 Kd8 48. Ka5 Ke7 49. c6 bxc6 50. Kxa6 Kd8 51. Ka7 Kc8 52. b7+ Kc7 53. Nd7 Kxd7 54. b8=Q Rxb8 55. Kxb8 c5 56. dxc5 Kc6 57. Kc8 Kxc5 58. Kd7 d4 59. Ke7 d3 60. Kxf7 Kd5 61. Kf6 Ke4 62. Kxe6 Kf3 63. Nd2+ Kxg3 64. Kxf5 Kxh4 65. e6 Kh3 66. e7 h4 67. e8=Q Kh2 68. Qg6 h3 69. Nf3+ Kh1 70. Qg1# 1-0

[Event "WCU Spring Open"]
[Site "Cardiff"]
[Date "2026.03.07"]
[Round "2.1"]
[White "Jukes, Sam"]
[Black "Rathbone-Jones, Ifan"]
[Result "0-1"]
[WhiteElo "1905"]
[BlackElo "2162"]
[PlyCount "36"]
[GameId "2286281973868903"]
[EventDate "2026.03.07"]
[EventType "swiss"]
[EventRounds "5"]
[EventCountry "WLS"]

1. Nf3 d5 2. g3 g6 3. Bg2 Bg7 4. O-O e5 5. d3 Ne7 6. e4 O-O 7. Nc3 c6 8. a4 a5 9. Bd2 Bg4 10. h3 Bxf3 11. Qxf3 d4 12. Nb1 b5 13. Na3 Qd7 14. Qg4 Qb7 15. b4 axb4 16. Bxb4 Rxa4 17. c3 Na6 18. Nc2 c5 0-1

[Event "WCU Spring Open"]
[Site "Cardiff"]
[Date "2026.03.07"]
[Round "2.2"]
[White "Kett, Timothy J"]
[Black "Chen, Wutong"]
[Result "1/2-1/2"]
[WhiteElo "2117"]
[BlackElo "1815"]
[WhiteFideId "-1"]
[BlackFideId "-1"]
[PlyCount "112"]
[GameId "2286282514512258"]
[EventDate "2026.03.07"]
[EventType "swiss"]
[EventRounds "5"]
[EventCountry "WLS"]

1. e4 e6 2. d4 d5 3. Nc3 Nf6 4. Bg5 dxe4 5. Nxe4 Be7 6. Bxf6 gxf6 7. Nf3 f5 8. Nc3 a6 9. g3 c5 10. d5 Bf6 11. dxe6 Qxd1+ 12. Rxd1 fxe6 13. Bg2 b5 14. O-O Ra7 15. Rfe1 Kf7 16. Ne5+ Bxe5 17. Rxe5 Nd7 18. Re2 Nb6 19. f4 Rd7 20. Rxd7+ Bxd7 21. Nb1 Rc8 22. Nd2 Bc6 23. Bxc6 Rxc6 24. Nf3 Kf6 25. Rd2 Ke7 26. Ne5 Rd6 27. Rxd6 Kxd6 28. Kf2 Kd5 29. h4 a5 30. h5 Kd6 31. Kf3 Nd5 32. c4 bxc4 33. Nxc4+ Kc7 34. Nxa5 Nf6 35. h6 Ng4 36. Nb3 Kc6 37. a4 Nxh6 38. a5 Ng8 39. a6 c4 40. Na5+ Kb6 41. Nxc4+ Kxa6 42. Nd6 Nf6 43. Nf7 Nd7 {(=)} 44. Ng5 Nf8 45. Ke3 h6 46. Nf7 h5 47. Ng5 Kb5 48. Kd4 Ng6 49. Nxe6 h4 50. gxh4 Nxh4 51. Ke5 Kb4 52. Nd4 Kc4 53. b3+ Kc3 54. Nxf5 Ng6+ 55. Ke4 Nxf4 56. Kxf4 Kxb3 1/2-1/2